000 00346nam a2200145Ia 4500
008 230718s2010 xx 000 0 und d
020 _a978-81-239-1795-5
041 _aeng
082 _a617.755
100 _aCHAUDHARY M.
245 _aREFRACTION & LENS PRESCRIPTION
250 _a1st Edition
260 _bC.B.S Pub
_c2010
300 _a280
999 _c703757
_d703757